| 000 | 00430nam a2200181Ia 4500 | ||
|---|---|---|---|
| 001 | 14164 | ||
| 005 | 20260306164854.0 | ||
| 008 | 260306t2010||||xx |||||||||||||| ||spa|| | ||
| 041 | _aESP | ||
| 082 |
_a510 _bC92 |
||
| 100 |
_aCruz Mercado, Jimmy J. _eAUT |
||
| 245 | 0 | _aGuía de práctica de matemática básica de derecho | |
| 260 | _c2010 | ||
| 300 |
_a _c |
||
| 650 | _aGEN | ||
| 654 | _aCMA | ||
| 942 |
_cLIB _dJUS _fJUS _2ddc _n |
||
| 999 |
_c14164 _d14164 |
||